Escritos de Biblia y Oriente : (Record n. 12371)

Dettagli MARC
000 -LEADER
fixed length control field 00995nam a2200229 i 4500
003 - CONTROL NUMBER IDENTIFIER
control field IT-RoINE
005 - DATE AND TIME OF LATEST TRANSACTION
control field 20190109090752.0
008 - FIXED-LENGTH DATA ELEMENTS--GENERAL INFORMATION
fixed length control field 031005s1981 sp 000 | spa d
040 ## - CATALOGING SOURCE
Original cataloging agency PUG
Modifying agency IT-RoINE
245 00 - TITLE STATEMENT
Title Escritos de Biblia y Oriente :
Remainder of title miscelánea conmemorativa del 25° aniversario del Instituto Espanol Bíblico y Arqueológico (Casa de Santiago) de Jerusalén /
Statement of responsibility, etc Edición preparada por Rafael Aguirre y Félix García López.
260 ## - PUBLICATION, DISTRIBUTION, ETC. (IMPRINT)
Place of publication, distribution, etc Salamanca :
Name of publisher, distributor, etc Universidad Pontificia ;
Place of publication, distribution, etc Jerusalén :
Name of publisher, distributor, etc Instituto Espanol Bíblico y Arqueológico,
Date of publication, distribution, etc 1981.
300 ## - PHYSICAL DESCRIPTION
Extent 412 p. ;
Dimensions 24 cm.
336 ## - CONTENT TYPE
Source rdacontent
Content type term text
337 ## - MEDIA TYPE
Source rdamedia
Media type term unmediated
338 ## - CARRIER TYPE
Source rdacarrier
Carrier type term volume
490 1# - SERIES STATEMENT
Series statement Bibliotheca Salmanticensis.
-- Estudios ;
Volume number/sequential designation 38
630 #4 - SUBJECT ADDED ENTRY--UNIFORM TITLE
9 (RLIN) 677
Uniform title Biblia
General subdivision Crítica, interpretación, etc.
700 1# - ADDED ENTRY--PERSONAL NAME
Personal name García López, Félix
9 (RLIN) 3084
700 1# - ADDED ENTRY--PERSONAL NAME
Personal name Aguirre Franco, Rafael,
Dates associated with a name 1937-
9 (RLIN) 25224
830 #0 - SERIES ADDED ENTRY--UNIFORM TITLE
Uniform title Bibliotheca Salmanticensis.
Name of part/section of a work Estudios ;
9 (RLIN) 3087
Volume number/sequential designation 38
942 ## - ADDED ENTRY ELEMENTS (KOHA)
Item type Monografías
Dati di copia
Withdrawn status Lost status Damaged status Not for loan Home library Current library Date acquired Total Checkouts Full call number Barcode Date last seen Price effective from Koha item type
        Iglesia Nacional Española en Roma Iglesia Nacional Española en Roma 07/07/2016   COL.A 40.38 27490 07/07/2016 07/07/2016 Monografías